|
|
|
|
| LEADER |
01518nam a2200277 i 4500 |
| 003 |
GR-PaULI |
| 005 |
20211101110620.0 |
| 008 |
190423s2013 gr ||||g |||| 00| 0 gre d |
| 952 |
|
|
|0 0
|1 0
|2 ddc
|4 0
|6 782_100000000000000_ΚΟΥ
|7 0
|9 231665
|a THST
|b THST
|d 2019-04-23
|i 013314
|l 0
|o 782.1 ΚΟΥ
|p 025000260142
|r 2019-04-23 00:00:00
|t 1
|v 2019.00
|w 2019-04-23
|y BK15
|
| 999 |
|
|
|c 140745
|d 140745
|
| 020 |
|
|
|a 9786188054226
|
| 040 |
|
|
|a GR-PaULI
|b gre
|c GR-PaULI
|e AACR2
|
| 041 |
1 |
|
|a gre
|h ita
|
| 082 |
0 |
4 |
|2 23
|a 782.1
|
| 100 |
1 |
|
|9 45578
|a Κουτσουρέλης, Κώστας,
|d 1967-
|e συγγραφέας
|
| 245 |
1 |
2 |
|a Ο Μιχαήλ Άγγελος στη Ρώμη :
|b λιμπρέττο όπερας δωματίου /
|c Κώστας Κουτσουρέλης ; μουσική σύνθεση Φίλιππος Τσαλαχούρης. Ποιήματα και επιστολές / Μιχαήλ Αγγελος ; μετάφραση-σημειώσεις Κώστας Κουτσουρέλης.
|
| 260 |
|
|
|a Αθήνα :
|b Περισπωμένη,
|c 2013.
|
| 300 |
|
|
|a 80 σ. ;
|c 15 εκ.
|
| 650 |
|
4 |
|9 108857
|a Όπερες
|x Λιμπρέτα
|
| 650 |
|
4 |
|a Μουσική δωματίου
|9 175314
|
| 700 |
1 |
4 |
|9 25632
|a Michelangelo Buonarroti,
|e συγγραφέας
|d 1475-1564
|
| 700 |
1 |
4 |
|9 175315
|a Τσαλαχούρης, Φίλιππος.
|e συνθέτης
|
| 740 |
|
|
|a Ποιήματα και επιστολές
|
| 830 |
|
0 |
|9 160363
|a Βραχέα και μακρά (Περισπωμένη)
|
| 942 |
|
|
|2 ddc
|c BK15
|
| 998 |
|
|
|c ΜΑΝΙΑ
|d 2019-04
|